000 nam a22 7a 4500
999 _c7919
_d7919
008 171109b xxu||||| |||| 00| 0 eng d
100 _94383
_aNCERT
245 _aSCIENCE LABORATRY MANUAL -IX
260 _aNEW DELHI
_bNCERT
_c2017